| 000 | 01207nam a2200349 a 4500 | ||
|---|---|---|---|
| 001 | vtls000209784 | ||
| 003 | NLI | ||
| 005 | 20210602115909.0 | ||
| 008 | 101126s1983 ii 000 1 eng | ||
| 020 | _cRs. 75.00 | ||
| 039 | 9 |
_y201011260038 _zVLOAD |
|
| 040 | 0 |
_aNLI _beng _cVERGIS-2010 _eAACR2 |
|
| 041 | 1 |
_aeng _hpan |
|
| 044 | _aii | ||
| 082 | 0 | 4 | _a891.43 |
| 100 | 0 |
_aGulzar Singh Sandhu, _d1934- _9393321 |
|
| 245 | 0 | 0 |
_aPunjabis, war and women : _bthe short stories of Gulzar Singh Sandhu / _cedited by Marcus Franda |
| 260 |
_aNew Delhi : _bHeritage Publishers, _c1983 |
||
| 300 |
_a111 p. ; _c22 cm. |
||
| 500 | _aTranslated from Panjabi | ||
| 600 | 0 | 0 |
_aGulazara Singh Sandhu _d1934- _9393322 |
| 650 | 0 |
_aShort stories, Panjabi _xTranslations into English _9392714 |
|
| 651 | 0 |
_aIndia _xSocial life and customs _xFiction _9296862 |
|
| 700 | 1 |
_aFranda, Marcus, _4edt _9332700 |
|
| 887 | _a | ||
| 901 |
_aDB43357 _b25.3.1983 |
||
| 902 | _aE 891.43 G 952 | ||
| 949 |
_AVIRTUAITEM _D10000 _X100 _6DBA000043357ENG |
||
| 942 |
_2ddc _cBKS |
||
| 991 | _e19.3.10 | ||
| 999 |
_aVIRTUA40 _c213921 _d213921 |
||
| 999 | _aVTLSSORT0080*0200*0400*0410*0440*0820*1000*2450*2600*3000*5000*6000*6500*6510*7000*9010*9020*9490*9910*9991 | ||